[Event "Africa-ch (Women)"]
[Site "Tripoli"]
[Date "2009.07.22"]
[Round "2"]
[White "Greeff, Melissa"]
[Black "Solomons, Anzel"]
[Result "1/2-1/2"]
[WhiteElo "2038"]
[BlackElo "1932"]
[PlyCount "145"]
[EventDate "2009.07.21"]
[EventType "swiss"]
[EventRounds "9"]
[EventCountry "LBY"]
[SourceTitle "CBM 131 Extra"]
[Source "ChessBase"]
[SourceDate "2009.09.03"]
[SourceVersion "2"]
[SourceVersionDate "2009.09.16"]
[SourceQuality "1"]

1. e4 e5 2. Nf3 Nc6 3. d4 exd4 4. Nxd4 Bc5 5. Be3 Nxd4 6. Bxd4 Bxd4 7. Qxd4 Qg5 8. Nc3 Ne7 9. Nb5 Nc6 10. Qc3 Kd8 11. Nd4 Nxd4 12. Qxd4 f6 13. g3 Qe5 14. 0-0-0 Qxd4 15. Rxd4 d6 16. f4 Ke7 17. Bg2 Re8 18. Re1 Kf8 19. Kd2 Be6 20. e5 dxe5 21. fxe5 fxe5 22. Rxe5 c6 23. Rb4 Rad8+ 24. Kc3 Rd7 25. a4 Bf7 26. Rxe8+ Bxe8 27. a5 Rf7 28. Rd4 Rd7 29. Rf4+ Rf7 30. Rxf7+ Kxf7 31. Kd4 Ke6 32. Kc5 Kd7 33. b4 Kc7 34. c4 Bf7 35. Be4 h6 36. Kd4 b6 37. axb6+ axb6 38. c5 b5 39. Bf5 Kd8 40. Ke5 Ke7 41. Be4 Be8 42. h4 Bd7 43. Bf5 Be8 44. g4 Bf7 45. Be4 Be8 46. Kf5 Kf7 47. Bf3 Bd7+ 48. Ke5 Ke7 49. g5 hxg5 50. hxg5 Be8 51. Bg4 Bf7 52. Bf5 Be8 53. Be6 Bg6 54. Bf5 Be8 55. Bh7 Bd7 56. Bg8 Bc8 57. Kf4 Be6 58. Bh7 Bd7 59. Ke5 Be8 60. Kf5 Bd7+ 61. Kg6 Kf8 62. Kh5 Kf7 63. Bc2 Kf8 64. Kg6 Be8+ 65. Kh7 Bd7 66. Be4 Be8 67. Bf5 Bf7 68. Bd7 Bd5 69. Kg6 Be4+ 70. Bf5 Bd5 71. Bd3 Bf7+ 72. Kf5 Ke7 73. Ke5 1/2-1/2